| 000 | 00854cam a2200229 4500 | ||
|---|---|---|---|
| 001 | WB3831-38 | ||
| 008 | 020828n2002 000 0 eng u | ||
| 035 | _a(Sirsi) u119448 | ||
| 245 | _aExtra NFU funding for tenant advice | ||
| 260 | _c2002 | ||
| 490 |
_aNFU Press Release _v16 August 2002, (1) |
||
| 520 | _aAn extra £10 000 has been made available by the National Farmers Union (NFU) to assist tenant farmers needing rent review advice in the run-up to Michaelmas Day on September 29, the traditional time for farmers to renegotiate tenancy agreements. www.nfu.org.uk/pr/4028156/tenantadvicefund.htm | ||
| 590 | _aWB | ||
| 650 | _aRENT REVIEWS | ||
| 650 | _aPROFESSIONAL ADVICE | ||
| 650 | _aFINANCIAL ASSISTANCE | ||
| 650 | _aTENANCY AGREEMENTS | ||
| 650 | _aNFU | ||
| 650 | _aTENANT FARMERS | ||
| 690 |
_aRural _96268 |
||
| 942 | _n0 | ||
| 999 |
_c71020 _d71020 |
||